[Event "4NCL Division 2a"]
[Site "Telford, ENG"]
[Date "2019.02.09"]
[Round "5.22"]
[White "Wheeler, Darren P"]
[Black "Brooks, Phil J"]
[Result "1/2-1/2"]
[WhiteElo "2260"]
[BlackElo "2176"]
[PlyCount "53"]
[EventDate "2019.02.09"]
[WhiteTeam "The ADs"]
[BlackTeam "Warwickshire Select 1"]

1. e4 e6 2. d4 d5 3. Nc3 dxe4 4. Nxe4 Nd7 5. Nf3 Ngf6 6. Nxf6+ Nxf6 7. Be2 c5
8. Be3 Qc7 9. O-O Bd6 10. dxc5 Bxc5 11. Bxc5 Qxc5 12. Qd4 Qxd4 13. Nxd4 Bd7 14.
Bf3 O-O-O 15. Rfe1 a6 16. Nb3 Kc7 17. Re3 Bc6 18. Bxc6 Kxc6 19. Rc3+ Kb6 20. a4
Rd7 21. Kf1 Rhd8 22. a5+ Ka7 23. Ke2 Kb8 24. Rc4 Rd5 25. f3 Re5+ 26. Kf2 Red5
27. Re1 1/2-1/2

[Event "4NCL Division 2a"]
[Site "Telford, ENG"]
[Date "2019.02.09"]
[Round "5.23"]
[White "Shephard, Chris C W"]
[Black "Richardson, John R"]
[Result "0-1"]
[WhiteElo "2176"]
[BlackElo "2320"]
[PlyCount "75"]
[EventDate "2019.02.09"]
[WhiteTeam "Warwickshire Select 1"]
[BlackTeam "The ADs"]

1. c4 Nf6 2. Nf3 e6 3. g3 d5 4. b3 c5 5. Bg2 Nc6 6. O-O d4 7. e3 Bd6 8. d3 O-O
9. exd4 cxd4 10. Na3 e5 11. Nc2 Re8 12. Bg5 h6 13. Bxf6 Qxf6 14. a3 a5 15. Nd2
Qg6 16. Ne4 Bf8 17. Bf3 Bh3 18. Re1 Red8 19. Bh5 Qe6 20. f4 Bf5 21. Nf2 Qf6 22.
Ne4 Qe6 23. Nf2 Qd6 24. Ne4 Qc7 25. Bg4 Qd7 26. Bxf5 Qxf5 27. Rf1 exf4 28. Rxf4
Qe6 29. Qf1 Ne5 30. Re1 Qb6 31. Nd2 f6 32. Rb1 Re8 33. Ne4 Re6 34. h3 Rae8 35.
Nf2 Ng6 36. Rg4 f5 37. Rxd4 Re2 38. Re4 0-1

[Event "4NCL Division 2a"]
[Site "Telford, ENG"]
[Date "2019.02.09"]
[Round "5.24"]
[White "Snape, Ian L"]
[Black "Hanley, James L"]
[Result "1/2-1/2"]
[WhiteElo "2170"]
[BlackElo "2199"]
[PlyCount "72"]
[EventDate "2019.02.09"]
[WhiteTeam "The ADs"]
[BlackTeam "Warwickshire Select 1"]

1. d4 Nf6 2. c4 e6 3. Nf3 Bb4+ 4. Bd2 Be7 5. g3 b6 6. Bg2 Bb7 7. Nc3 O-O 8. O-O
d6 9. Re1 Ne4 10. d5 Nxd2 11. Nxd2 e5 12. e4 Nd7 13. b4 g6 14. f4 exf4 15. gxf4
Bf6 16. Rc1 a5 17. a3 axb4 18. axb4 Bxc3 19. Rxc3 Qf6 20. Qf3 Ra2 21. Nb3 Re8
22. Qe3 Qh4 23. Qg3 Qxg3 24. hxg3 Ra4 25. Nd4 Rxb4 26. Nb5 Nf8 27. e5 dxe5 28.
fxe5 Re7 29. Rcc1 Ba6 30. Bf1 Bxb5 31. cxb5 Rd4 32. Bg2 Kg7 33. Re2 Rb4 34. Bf1
Rd4 35. Bg2 Rb4 36. Bf1 Rd4 1/2-1/2

[Event "4NCL Division 2a"]
[Site "Telford, ENG"]
[Date "2019.02.09"]
[Round "5.25"]
[White "Mason, Donald J"]
[Black "Duggan, John E"]
[Result "1-0"]
[WhiteElo "2074"]
[BlackElo "2222"]
[PlyCount "41"]
[EventDate "2019.02.09"]
[WhiteTeam "Warwickshire Select 1"]
[BlackTeam "The ADs"]

1. e4 e6 2. d4 d5 3. Nd2 a6 4. Ngf3 Nf6 5. Bd3 c5 6. c3 Nc6 7. O-O Be7 8. Re1
dxe4 9. Nxe4 cxd4 10. cxd4 h6 11. a3 Nd5 12. Be3 Bd7 13. Rc1 Qb6 14. b4 Na7 15.
Ne5 Nxe3 16. fxe3 Bb5 17. Bb1 Nc6 18. Qg4 g5 19. Nxf7 Rf8 20. Qxe6 Rxf7 21.
Nd6+ 1-0

[Event "4NCL Division 2a"]
[Site "Telford, ENG"]
[Date "2019.02.09"]
[Round "5.26"]
[White "Ahluwalia, Amardip"]
[Black "Fallowfield, Jeremy R"]
[Result "1/2-1/2"]
[WhiteElo "2132"]
[BlackElo "2129"]
[PlyCount "41"]
[EventDate "2019.02.09"]
[WhiteTeam "The ADs"]
[BlackTeam "Warwickshire Select 1"]

1. c4 e6 2. g3 d5 3. Nf3 Nf6 4. Bg2 dxc4 5. Qa4+ c6 6. Qxc4 b5 7. Qc2 Bb7 8. d3
c5 9. O-O Nbd7 10. a4 a6 11. Nc3 Qb6 12. b3 Be7 13. Rb1 O-O 14. h3 Rfc8 15. e4
Bc6 16. Be3 Qb7 17. Rfc1 Rab8 18. Bf4 Ra8 19. Be3 Rab8 20. Bf4 Ra8 21. Be3
1/2-1/2

[Event "4NCL Division 2a"]
[Site "Telford, ENG"]
[Date "2019.02.09"]
[Round "5.27"]
[White "Galloway, Iain A"]
[Black "Bellin, Jana M"]
[Result "1/2-1/2"]
[WhiteElo "2087"]
[BlackElo "2020"]
[PlyCount "61"]
[EventDate "2019.02.09"]
[WhiteTeam "Warwickshire Select 1"]
[BlackTeam "The ADs"]

1. d4 Nf6 2. Nf3 c5 3. e3 e6 4. Bd3 b6 5. O-O Bb7 6. Nbd2 Nc6 7. c3 d5 8. Ne5
Bd6 9. f4 O-O 10. Rf3 Ne4 11. Rh3 f5 12. Ndf3 Nxe5 13. Nxe5 Bxe5 14. fxe5 Qe7
15. Bd2 Nxd2 16. Qxd2 a5 17. Qe2 g6 18. Rf1 Rf7 19. Rf2 Qd7 20. Rg3 Kh8 21. h4
Rg8 22. Rf4 h6 23. Rh3 Bc8 24. g4 Qe7 25. Kh2 c4 26. Bb1 Bd7 27. Qf1 Rfg7 28.
g5 h5 29. Rhf3 Rc8 30. Rf2 Rc7 31. Qe2 1/2-1/2

[Event "4NCL Division 2a"]
[Site "Telford, ENG"]
[Date "2019.02.09"]
[Round "5.28"]
[White "Hylands, Liam M"]
[Black "Patel, Devan"]
[Result "1-0"]
[WhiteElo "2080"]
[BlackElo "1892"]
[PlyCount "55"]
[EventDate "2019.02.09"]
[WhiteTeam "The ADs"]
[BlackTeam "Warwickshire Select 1"]

1. e4 Nc6 2. Nf3 e5 3. d4 exd4 4. Nxd4 Nf6 5. Nxc6 bxc6 6. e5 Nd5 7. c4 Nb6 8.
Bd3 Ba6 9. b3 Bc5 10. Bb2 Qe7 11. O-O O-O-O 12. a3 Qg5 13. Nd2 Be7 14. Ne4 Qh6
15. c5 Bxd3 16. Qxd3 Nd5 17. Qa6+ Kb8 18. Rac1 Ka8 19. Rfd1 Rb8 20. b4 Qg6 21.
Qe2 h5 22. Nc3 Nf4 23. Qf3 Bg5 24. Rxd7 Kb7 25. Rcd1 Qc2 26. b5 Kc8 27. Rxc7+
Kxc7 28. Qxc6# 1-0

[Event "4NCL Division 2a"]
[Site "Telford, ENG"]
[Date "2019.02.09"]
[Round "5.31"]
[White "Plueg, Andreas"]
[Black "Bak, Christopher"]
[Result "1/2-1/2"]
[WhiteElo "2297"]
[BlackElo "2033"]
[PlyCount "104"]
[EventDate "2019.02.09"]
[WhiteTeam "Anglian Avengers"]
[BlackTeam "Bradford DCA Knights A"]

1. d4 Nf6 2. Nf3 e6 3. c4 c5 4. e3 a6 5. Nc3 d5 6. dxc5 Bxc5 7. a3 Nc6 8. b4
Ba7 9. Bb2 O-O 10. Be2 dxc4 11. Qxd8 Rxd8 12. Bxc4 b5 13. Bb3 Bb7 14. Rd1 Rxd1+
15. Kxd1 Rc8 16. Ke2 Kf8 17. Rc1 Ne7 18. Na2 Nfd5 19. Rxc8+ Nxc8 20. Bd4 Bb6
21. Bxb6 Ndxb6 22. Nc3 Nd6 23. Ne1 Bc6 24. f3 Ndc4 25. Nc2 Ke7 26. Kd3 g5 27.
Ke2 Kd6 28. e4 h5 29. Nd1 Ne5 30. Nde3 Bd7 31. Ne1 f5 32. exf5 exf5 33. g3 Be6
34. Bc2 Nec4 35. Nxf5+ Ke5 36. Ng7 Bf7 37. g4 h4 38. Be4 Nxa3 39. Nd3+ Kd4 40.
Nc5 Bc4+ 41. Kd2 Ke5 42. Nxa6 Bd5 43. Nc5 Kd4 44. Nge6+ Kc4 45. Nxg5 Kxb4 46.
Nd3+ Kc4 47. f4 Kd4 48. Bxd5 Nxd5 49. Nf3+ Ke4 50. Ng5+ Kd4 51. Nf3+ Ke4 52.
Ng5+ Kd4 1/2-1/2

[Event "4NCL Division 2a"]
[Site "Telford, ENG"]
[Date "2019.02.09"]
[Round "5.32"]
[White "Eagleton, Greg T"]
[Black "Lewis, Andrew P"]
[Result "0-1"]
[WhiteElo "2078"]
[BlackElo "2320"]
[PlyCount "78"]
[EventDate "2019.02.09"]
[WhiteTeam "Bradford DCA Knights A"]
[BlackTeam "Anglian Avengers"]

1. d4 Nf6 2. c4 g6 3. Nc3 Bg7 4. e4 d6 5. f3 O-O 6. Be3 c5 7. d5 e6 8. Qd2 exd5
9. cxd5 a6 10. a4 Re8 11. Be2 h5 12. h4 Nbd7 13. Nh3 Ne5 14. Nf2 Rb8 15. Bg5
Qa5 16. O-O Nh7 17. Bf4 Qd8 18. Bg3 f5 19. Rfe1 Bd7 20. exf5 gxf5 21. Bd3 b5
22. axb5 axb5 23. Ra6 Qf6 24. Ra7 Qd8 25. Nh3 b4 26. Ne2 c4 27. Bb1 c3 28. bxc3
bxc3 29. Nxc3 Nc4 30. Rxe8+ Qxe8 31. Qd3 Bxc3 32. Qxc3 Rxb1+ 33. Kh2 Ne5 34.
Bxe5 dxe5 35. Qc7 Nf8 36. Ng5 Qb8 37. Qc5 Qb4 38. Qf2 Qf4+ 39. g3 Qd4 0-1

[Event "4NCL Division 2a"]
[Site "Telford, ENG"]
[Date "2019.02.09"]
[Round "5.33"]
[White "Talsma, Paul"]
[Black "Drabble, Andrew"]
[Result "0-1"]
[WhiteElo "2184"]
[BlackElo "2068"]
[PlyCount "80"]
[EventDate "2019.02.09"]
[WhiteTeam "Anglian Avengers"]
[BlackTeam "Bradford DCA Knights A"]

1. d4 e6 2. c4 d5 3. Nc3 Nf6 4. Bg5 Nbd7 5. e3 Be7 6. Nf3 c6 7. Rc1 O-O 8. a3
Re8 9. Bd3 dxc4 10. Bxc4 Nd5 11. Bxe7 Qxe7 12. O-O Nxc3 13. Rxc3 e5 14. Qc2 e4
15. Nd2 Nf6 16. b4 Bd7 17. Qb3 b5 18. Be2 a5 19. bxa5 Rxa5 20. Rc5 Rea8 21. Nb1
Qd6 22. Qc2 Ra4 23. Qc1 Nd5 24. Bd1 R4a6 25. Bb3 Be6 26. Qc2 f5 27. Rc1 Ne7 28.
Re5 Bf7 29. g4 g6 30. gxf5 gxf5 31. Kh1 Kf8 32. Bxf7 Kxf7 33. f3 b4 34. Qb3+
Ke8 35. axb4 Ra2 36. Nc3 Ra1 37. Qd1 Rxc1 38. Qxc1 exf3 39. Nd1 Qg6 40. Qb2 Ra1
0-1

[Event "4NCL Division 2a"]
[Site "Telford, ENG"]
[Date "2019.02.09"]
[Round "5.34"]
[White "Jennings, Roger W"]
[Black "Walker, Martin G"]
[Result "0-1"]
[WhiteElo "2026"]
[BlackElo "2142"]
[PlyCount "148"]
[EventDate "2019.02.09"]
[WhiteTeam "Bradford DCA Knights A"]
[BlackTeam "Anglian Avengers"]

1. g3 g6 2. Bg2 Bg7 3. Nf3 Nf6 4. O-O O-O 5. c4 d5 6. cxd5 Nxd5 7. Nc3 c5 8.
Nxd5 Qxd5 9. d3 Nc6 10. Nd2 Qd7 11. Ne4 b6 12. Nc3 Bb7 13. Qa4 Rfd8 14. Be3
Rab8 15. Rab1 a6 16. Qh4 Nd4 17. Bxd4 Bxd4 18. Bxb7 Rxb7 19. Ne4 Bg7 20. Ng5 h6
21. Nf3 Qe6 22. b3 Qxe2 23. Kg2 Rxd3 24. Qf4 Qe6 25. Rbd1 Rbd7 26. Rfe1 Qf6 27.
Rxd3 Rxd3 28. Qe4 Rd7 29. Qa8+ Kh7 30. Qxa6 Qc6 31. Qc4 e6 32. Qe4 Qxe4 33.
Rxe4 b5 34. a4 c4 35. bxc4 bxa4 36. c5 Ra7 37. Re2 Kg8 38. c6 a3 39. Ra2 Kf8
40. c7 Rxc7 41. Rxa3 Rc2 42. Ra7 Bf6 43. Ra8+ Kg7 44. Ra5 Bd8 45. Rb5 Bc7 46.
Ne5 Kf6 47. Ng4+ Kg7 48. Ne5 Bd6 49. Kf3 Bc5 50. Nd3 Bd4 51. Rb4 e5 52. Ke4
Re2+ 53. Kd5 Rd2 54. Rb3 Bxf2 55. Kxe5 g5 56. Nxf2 Rxf2 57. h3 h5 58. Ra3 f6+
59. Ke4 g4 60. h4 Kg6 61. Rb3 f5+ 62. Ke5 Re2+ 63. Kd5 f4 64. gxf4 Kf5 65. Rb8
Kxf4 66. Rh8 g3 67. Rxh5 g2 68. Rg5 Kf3 69. h5 Kf2 70. Rf5+ Kg3 71. Rg5+ Kh2
72. h6 g1=Q 73. Rh5+ Kg2 74. h7 Qd1+ 0-1

[Event "4NCL Division 2a"]
[Site "Telford, ENG"]
[Date "2019.02.09"]
[Round "5.35"]
[White "Peck, Silas"]
[Black "Bak, Andrew"]
[Result "1-0"]
[WhiteElo "2065"]
[BlackElo "1981"]
[PlyCount "43"]
[EventDate "2019.02.09"]
[WhiteTeam "Anglian Avengers"]
[BlackTeam "Bradford DCA Knights A"]

1. e4 c5 2. Nf3 Nc6 3. d4 cxd4 4. Nxd4 Nf6 5. Nc3 e5 6. Ndb5 d6 7. Bg5 a6 8.
Na3 b5 9. Nd5 Qa5+ 10. Bd2 Qd8 11. c4 Nxe4 12. cxb5 Ne7 13. Bc4 Rb8 14. bxa6
Rxb2 15. a7 Nxd2 16. Qc1 Nf3+ 17. Kf1 Nxd5 18. a8=Q Qb6 19. Bb5+ Rxb5 20.
Qcxc8+ Ke7 21. Qe8+ Kf6 22. Qxb5 1-0

[Event "4NCL Division 2a"]
[Site "Telford, ENG"]
[Date "2019.02.09"]
[Round "5.36"]
[White "Ther, Mate"]
[Black "Sheerin, Alex"]
[Result "1-0"]
[WhiteElo "2012"]
[BlackElo "2027"]
[PlyCount "51"]
[EventDate "2019.02.09"]
[WhiteTeam "Bradford DCA Knights A"]
[BlackTeam "Anglian Avengers"]

1. e4 d6 2. d4 Nf6 3. Nc3 Nbd7 4. f4 e5 5. Bc4 c6 6. Nf3 exd4 7. Qxd4 d5 8.
exd5 Bc5 9. Qd3 O-O 10. dxc6 bxc6 11. Bd2 Qc7 12. O-O-O Nb6 13. Ne5 Rb8 14. Ne4
Nxe4 15. Qxe4 Nxc4 16. Qxc4 Qb6 17. b4 Be3 18. c3 Be6 19. Qxc6 Bxd2+ 20. Rxd2
Qe3 21. Qf3 Qb6 22. f5 f6 23. Nc6 Rb7 24. fxe6 Rc8 25. e7 Re8 26. Rd8 1-0

[Event "4NCL Division 2a"]
[Site "Telford, ENG"]
[Date "2019.02.09"]
[Round "5.37"]
[White "Myall, Ivan J"]
[Black "Gardiner, Eric D"]
[Result "0-1"]
[WhiteElo "2042"]
[BlackElo "1949"]
[PlyCount "98"]
[EventDate "2019.02.09"]
[WhiteTeam "Anglian Avengers"]
[BlackTeam "Bradford DCA Knights A"]

1. d4 d6 2. e4 Nf6 3. Nc3 e5 4. Nf3 Nbd7 5. Bc4 Be7 6. O-O O-O 7. Re1 c6 8. a4
a5 9. h3 Nb6 10. Ba2 Nfd7 11. Be3 exd4 12. Qxd4 Nc5 13. Rad1 Be6 14. Bxe6 fxe6
15. e5 d5 16. Qg4 Nbd7 17. Bg5 Bxg5 18. Nxg5 Qe7 19. Nf3 Rf5 20. Rd4 Raf8 21.
Qg3 Qf7 22. Re2 Rf4 23. Red2 Qf5 24. Rxf4 Qxf4 25. Qxf4 Rxf4 26. b3 Ne4 27.
Nxe4 Rxe4 28. Kf1 Nc5 29. Rd4 Kf8 30. Rxe4 Nxe4 31. Ke2 c5 32. Ke3 Ke7 33. Ne1
Nc3 34. f3 d4+ 35. Kd2 b6 36. Nd3 Nd5 37. g3 Kd7 38. g4 g5 39. Nf2 Nf4 40. Ne4
Nxh3 41. Nf6+ Kc6 42. Nxh7 Kd5 43. Nf6+ Kxe5 44. Nd7+ Kf4 45. Nxb6 Kxf3 46. Nc4
Nf4 47. Nxa5 e5 48. Nc6 e4 49. Ne5+ Kf2 0-1

[Event "4NCL Division 2a"]
[Site "Telford, ENG"]
[Date "2019.02.09"]
[Round "5.38"]
[White "Patrick, David A"]
[Black "Cocks, Elliot"]
[Result "1/2-1/2"]
[WhiteElo "1879"]
[BlackElo "2080"]
[PlyCount "42"]
[EventDate "2019.02.09"]
[WhiteTeam "Bradford DCA Knights A"]
[BlackTeam "Anglian Avengers"]

1. e4 c5 2. c3 Nf6 3. e5 Nd5 4. d4 cxd4 5. cxd4 Nc6 6. Nc3 Nxc3 7. bxc3 d5 8.
Qb3 e6 9. Nf3 a6 10. Bd3 Na5 11. Qc2 Be7 12. O-O h6 13. a4 Bd7 14. Nd2 b5 15.
axb5 axb5 16. Bb2 O-O 17. f4 Nc4 18. Bxc4 bxc4 19. Rxa8 Qxa8 20. Ra1 Qb7 21.
Qc1 Ra8 1/2-1/2

[Event "4NCL Division 2a"]
[Site "Telford, ENG"]
[Date "2019.02.09"]
[Round "5.41"]
[White "Meszaros, Gyula"]
[Black "Polaczek, Richard"]
[Result "1-0"]
[WhiteElo "2276"]
[BlackElo "2379"]
[PlyCount "95"]
[EventDate "2019.02.09"]
[WhiteTeam "Barnet Knights 1"]
[BlackTeam "Manchester Manticores 1"]

1. Nf3 Nf6 2. g3 d5 3. Bg2 b5 4. O-O e6 5. d3 Bb7 6. c4 bxc4 7. dxc4 Nbd7 8.
Nc3 Be7 9. cxd5 Nxd5 10. Nxd5 Bxd5 11. Qc2 Nf6 12. Rd1 O-O 13. Ng5 h6 14. Nh3
Qc8 15. e4 Bb7 16. Nf4 e5 17. Ne2 Qg4 18. f3 Qe6 19. Be3 c5 20. Rdc1 Rfc8 21.
Qc4 Qxc4 22. Rxc4 Ba6 23. Rc2 Bd3 24. Rd2 c4 25. Nc3 Rc7 26. Bf1 Bxf1 27. Kxf1
Rb7 28. Rc1 Rc8 29. Rdc2 Rc6 30. Nd1 Rbc7 31. Bf2 Nd7 32. Ke2 Bf8 33. Ne3 Nb6
34. Be1 Rc5 35. Nd1 g6 36. Bf2 Ra5 37. Nc3 Rc6 38. a3 h5 39. Rd1 Bc5 40. Nd5
Kg7 41. Be1 Rb5 42. Bc3 Bd6 43. Nxb6 Rcxb6 44. a4 Rc5 45. Rxd6 Rxd6 46. Bb4
Rdc6 47. Bxc5 Rxc5 48. b3 1-0

[Event "4NCL Division 2a"]
[Site "Telford, ENG"]
[Date "2019.02.09"]
[Round "5.42"]
[White "Jayawarna, Nugith"]
[Black "Rocco, Federico"]
[Result "0-1"]
[WhiteElo "2237"]
[BlackElo "2282"]
[PlyCount "98"]
[EventDate "2019.02.09"]
[WhiteTeam "Manchester Manticores 1"]
[BlackTeam "Barnet Knights 1"]

1. c4 Nf6 2. Nc3 e6 3. d4 d5 4. cxd5 exd5 5. Bg5 c6 6. Qc2 Bd6 7. e3 O-O 8. Bd3
h6 9. Bh4 Re8 10. Nf3 Be6 11. Ne5 g5 12. Bg3 Nh5 13. Qe2 Nxg3 14. hxg3 Bf8 15.
O-O-O Nd7 16. f4 Nxe5 17. dxe5 Qd7 18. Qf2 Bg4 19. Rdf1 Rad8 20. fxg5 h5 21. g6
fxg6 22. Qf6 Bh6 23. Qxg6+ Qg7 24. Rf6 Bxe3+ 25. Kc2 Rxe5 26. Qxg7+ Kxg7 27.
Rg6+ Kf7 28. Rf1+ Ke8 29. Rg7 Re7 30. Rxe7+ Kxe7 31. Re1 d4 32. Nd1 Bxd1+ 33.
Kxd1 Rg8 34. Be4 Rxg3 35. Rh1 Rg5 36. Bf3 Rc5 37. Rxh5 Rc1+ 38. Ke2 Rc2+ 39.
Kd3 Rxb2 40. a4 Kd6 41. g4 Rb3+ 42. Ke4 Bc1 43. Bd1 Rb1 44. Bc2 Rb2 45. Kd3 c5
46. Rh2 Bf4 47. Rf2 Be3 48. Rh2 a6 49. Re2 Kd5 0-1

[Event "4NCL Division 2a"]
[Site "Telford, ENG"]
[Date "2019.02.09"]
[Round "5.43"]
[White "Villiers, Thomas"]
[Black "Mazek, Marek"]
[Result "1/2-1/2"]
[WhiteElo "2245"]
[BlackElo "2117"]
[PlyCount "100"]
[EventDate "2019.02.09"]
[WhiteTeam "Barnet Knights 1"]
[BlackTeam "Manchester Manticores 1"]

1. e4 c5 2. Nf3 d6 3. d4 cxd4 4. Qxd4 a6 5. c4 Nc6 6. Qd3 g6 7. Nc3 Bg7 8. Be2
Bg4 9. h3 Bxf3 10. Qxf3 Nd4 11. Qd3 Nxe2 12. Qxe2 Bxc3+ 13. bxc3 Qa5 14. O-O
Nf6 15. Rb1 Rb8 16. Bh6 Qh5 17. Qxh5 Nxh5 18. g4 Nf6 19. Bg7 Rg8 20. Bxf6 exf6
21. Rb6 Ke7 22. Rfb1 Rgc8 23. Rxb7+ Rxb7 24. Rxb7+ Ke6 25. Rb4 Ke5 26. Kg2 Kxe4
27. c5+ Ke5 28. cxd6 Kxd6 29. Rb6+ Ke5 30. Rxa6 Rxc3 31. Ra8 f5 32. Ra5+ Kf4
33. gxf5 gxf5 34. Ra7 h5 35. Ra4+ Kg5 36. h4+ Kf6 37. f3 Ke5 38. Kg3 f6 39.
Ra5+ Ke6 40. Ra8 Rc4 41. Re8+ Kd6 42. Re1 f4+ 43. Kf2 Ra4 44. Re2 f5 45. Ke1
Ra3 46. Rd2+ Ke5 47. Kf2 Ke6 48. Rb2 Ke5 49. Ke2 Re3+ 50. Kf2 Ra3 1/2-1/2

[Event "4NCL Division 2a"]
[Site "Telford, ENG"]
[Date "2019.02.09"]
[Round "5.44"]
[White "Peacock, Malcolm R"]
[Black "Brozel, Sacha"]
[Result "1/2-1/2"]
[WhiteElo "2087"]
[BlackElo "2230"]
[PlyCount "91"]
[EventDate "2019.02.09"]
[WhiteTeam "Manchester Manticores 1"]
[BlackTeam "Barnet Knights 1"]

1. c4 e5 2. g3 Nc6 3. Bg2 Bc5 4. Nc3 d6 5. e3 a6 6. Nge2 Ba7 7. d4 h5 8. dxe5
dxe5 9. Qxd8+ Nxd8 10. Nd5 Ne6 11. Bh3 Kd8 12. Bd2 Nc5 13. Bxc8 Nd3+ 14. Kd1
Nxf2+ 15. Kc2 Nxh1 16. Bxb7 Rb8 17. Bc6 Rh6 18. Ba4 Nf2 19. Rf1 c6 20. Ba5+ Kc8
21. Rxf2 cxd5 22. Rxf7 Bb6 23. Bc3 Bc7 24. cxd5 Nf6 25. Bc6 Kd8 26. Rxc7 Kxc7
27. Bxe5+ Kc8 28. Bxb8 Kxb8 29. h3 Kc7 30. Kd3 h4 31. g4 Nxg4 32. hxg4 h3 33.
Ng3 h2 34. Ba8 Kb8 35. Bc6 h1=Q 36. Nxh1 Rxh1 37. Bd7 Rh2 38. Kc3 Kc7 39. Bf5
Kd6 40. a3 Kxd5 41. b4 Re2 42. e4+ Ke5 43. a4 Re3+ 44. Kc4 Kd6 45. Kd4 Re1 46.
Kc4 1/2-1/2

[Event "4NCL Division 2a"]
[Site "Telford, ENG"]
[Date "2019.02.09"]
[Round "5.45"]
[White "Smith, Andrew Philip"]
[Black "Hamer, Martyn"]
[Result "1-0"]
[WhiteElo "2207"]
[BlackElo "2132"]
[PlyCount "59"]
[EventDate "2019.02.09"]
[WhiteTeam "Barnet Knights 1"]
[BlackTeam "Manchester Manticores 1"]

1. e4 e5 2. d4 Nc6 3. dxe5 Nxe5 4. Nc3 Bc5 5. Bf4 d6 6. Qd2 Nf6 7. O-O-O Ng6 8.
Be3 Bxe3 9. Qxe3 O-O 10. h4 h5 11. f3 Re8 12. g4 hxg4 13. h5 Nf8 14. h6 g6 15.
f4 Qe7 16. Bg2 Bf5 17. Qd2 Bd7 18. Nge2 Nh5 19. Nd5 Qd8 20. Rxh5 gxh5 21. Qc3
Ne6 22. Nf6+ Kf8 23. h7 Kg7 24. Nxe8+ Kxh7 25. Nf6+ Kh6 26. Nxg4+ hxg4 27. Rh1+
Kg6 28. f5+ Kg5 29. fxe6 Bxe6 30. Qg7# 1-0

[Event "4NCL Division 2a"]
[Site "Telford, ENG"]
[Date "2019.02.09"]
[Round "5.46"]
[White "Kay, Lee P"]
[Black "Ethelontis, Alexandros N"]
[Result "0-1"]
[WhiteElo "2087"]
[BlackElo "2185"]
[PlyCount "74"]
[EventDate "2019.02.09"]
[WhiteTeam "Manchester Manticores 1"]
[BlackTeam "Barnet Knights 1"]

1. f4 d5 2. Nf3 Bg4 3. e3 Nd7 4. h3 Bxf3 5. Qxf3 c6 6. c4 Ngf6 7. g4 e6 8. Nc3
Nc5 9. cxd5 exd5 10. g5 Nfe4 11. d3 Nxc3 12. bxc3 Qa5 13. Bd2 Nb3 14. Qd1 Nxa1
15. Qxa1 O-O-O 16. Be2 h6 17. g6 fxg6 18. Rg1 g5 19. fxg5 Kb8 20. g6 Be7 21.
Qb2 Rhf8 22. Rg4 Qc7 23. Rg2 Bh4+ 24. Kd1 Qe7 25. Qb4 Rd6 26. c4 Bg5 27. cxd5
Rxd5 28. Rxg5 c5 29. Rxd5 cxb4 30. Rb5 Rf2 31. Rxb4 Qe6 32. Rc4 b5 33. Bg4 Qxg6
34. Rc8+ Kb7 35. Rd8 h5 36. Bc8+ Kb6 37. e4 Rxd2+ 0-1

[Event "4NCL Division 2a"]
[Site "Telford, ENG"]
[Date "2019.02.09"]
[Round "5.47"]
[White "Willmoth, Robert F"]
[Black "Rahulan, Thivyaa"]
[Result "1-0"]
[WhiteElo "2192"]
[BlackElo "1975"]
[PlyCount "90"]
[EventDate "2019.02.09"]
[WhiteTeam "Barnet Knights 1"]
[BlackTeam "Manchester Manticores 1"]

1. d4 f5 2. Nf3 Nf6 3. Bf4 g6 4. e3 Bg7 5. h3 O-O 6. Bc4+ e6 7. Nbd2 Nc6 8. c3
a6 9. Qe2 Re8 10. Ne5 Na5 11. Bd3 d6 12. Nef3 Nc6 13. O-O-O b5 14. e4 e5 15.
dxe5 dxe5 16. Bg5 f4 17. Nb3 Qe7 18. Kb1 Be6 19. g3 fxg3 20. fxg3 Qf7 21. Nc1
Nh5 22. Qg2 Rf8 23. Rhf1 Qe8 24. Be3 h6 25. Bc5 Rf7 26. Nh4 Rd7 27. Be2 Rxd1
28. Bxd1 Nf6 29. g4 Nd7 30. Be3 b4 31. cxb4 Kh7 32. a3 Rb8 33. Ba4 Nd4 34. Nf3
Nxf3 35. Qxf3 Qe7 36. Bb3 Kg8 37. Qd1 a5 38. Bxe6+ Qxe6 39. bxa5 Bf8 40. Ka1
Qa6 41. Qd5+ Kh8 42. Rf7 Nf6 43. Qxe5 Bg7 44. Bd4 Re8 45. Rxf6 Rxe5 1-0

[Event "4NCL Division 2a"]
[Site "Telford, ENG"]
[Date "2019.02.09"]
[Round "5.48"]
[White "Niedbal, Piotr"]
[Black "Siva, Michael"]
[Result "1/2-1/2"]
[WhiteElo "2020"]
[BlackElo "2205"]
[PlyCount "57"]
[EventDate "2019.02.09"]
[WhiteTeam "Manchester Manticores 1"]
[BlackTeam "Barnet Knights 1"]

1. e4 g6 2. d4 Bg7 3. Nc3 d6 4. f4 Nc6 5. Nf3 Bg4 6. Be3 Bxf3 7. gxf3 e6 8. Qd2
d5 9. O-O-O Nge7 10. h4 h5 11. Bh3 f5 12. Qg2 Bh6 13. Kb1 Qd7 14. Na4 b6 15.
Qe2 Nb4 16. Nc3 a5 17. Rhg1 Rg8 18. Bc1 Kf7 19. Rde1 Rae8 20. Rd1 Bg7 21. Be3
Bf6 22. Bf2 Nbc6 23. Qb5 Rd8 24. Qd3 Nb4 25. Qe2 Bg7 26. Rge1 Rge8 27. Rg1 Nbc6
28. Na4 Rg8 29. Rde1 1/2-1/2

[Event "4NCL Division 2a"]
[Site "Telford, ENG"]
[Date "2019.02.10"]
[Round "6.11"]
[White "Richardson, John R"]
[Black "Hanley, Craig A"]
[Result "0-1"]
[WhiteElo "2320"]
[BlackElo "2452"]
[PlyCount "110"]
[EventDate "2019.02.10"]
[WhiteTeam "The ADs"]
[BlackTeam "Spirit of Atticus A"]

1. d4 e6 2. c4 Bb4+ 3. Bd2 Bxd2+ 4. Qxd2 f5 5. Nc3 Nf6 6. g3 O-O 7. Bg2 d6 8.
Nh3 Qe7 9. O-O c6 10. Rae1 d5 11. cxd5 exd5 12. f3 Nbd7 13. Nf4 Qd6 14. Nd3 Nh5
15. g4 fxg4 16. fxg4 Nhf6 17. Qf4 Qxf4 18. Rxf4 g5 19. Rf5 h6 20. h3 Nb6 21.
Re5 Nc4 22. Re7 Rf7 23. Rxf7 Kxf7 24. e4 dxe4 25. Nxe4 Nxe4 26. Bxe4 Nd6 27.
Ne5+ Kf6 28. Rf1+ Kg7 29. Bd3 Be6 30. b3 Rd8 31. Kf2 Ne8 32. Ke3 Nf6 33. Bc4
Nd5+ 34. Bxd5 Bxd5 35. Rf2 a5 36. Kd3 a4 37. Kc3 Ra8 38. h4 gxh4 39. Rh2 axb3
40. axb3 Ra1 41. Rxh4 Be6 42. Rh3 Re1 43. Kb4 Re4 44. Kc5 Bxg4 45. Rg3 h5 46.
b4 Kf6 47. b5 cxb5 48. Nxg4+ hxg4 49. Rb3 Re7 50. d5 Rg7 51. Kd6 Kf5 52. Rxb5
g3 53. Rb1 g2 54. Rg1 Kf4 55. Kc5 Kf3 0-1

[Event "4NCL Division 2a"]
[Site "Telford, ENG"]
[Date "2019.02.10"]
[Round "6.12"]
[White "Carleton, John J"]
[Black "Swindells, Jonathan E"]
[Result "1/2-1/2"]
[WhiteElo "2268"]
[BlackElo "2252"]
[PlyCount "44"]
[EventDate "2019.02.10"]
[WhiteTeam "Spirit of Atticus A"]
[BlackTeam "The ADs"]

1. d4 Nf6 2. c4 g6 3. Nc3 Bg7 4. e4 d6 5. f4 O-O 6. Nf3 c5 7. dxc5 Qa5 8. Bd3
Qxc5 9. Qe2 Bg4 10. Be3 Qa5 11. h3 Bxf3 12. Qxf3 Nc6 13. Rc1 Nd7 14. Qf2 Nc5
15. Bb1 Na4 16. O-O Nxc3 17. bxc3 Bxc3 18. Rfd1 Bb4 19. Rd5 Qa3 20. Rd3 Qa5 21.
Rd5 Qa3 22. Rd3 Qa5 1/2-1/2

[Event "4NCL Division 2a"]
[Site "Telford, ENG"]
[Date "2019.02.10"]
[Round "6.13"]
[White "Baker, Chris W"]
[Black "Mitchell, Martin"]
[Result "0-1"]
[WhiteElo "2287"]
[BlackElo "2206"]
[PlyCount "78"]
[EventDate "2019.02.10"]
[WhiteTeam "The ADs"]
[BlackTeam "Spirit of Atticus A"]

1. e4 d6 2. d4 Nf6 3. Nc3 g6 4. Nf3 Bg7 5. h3 O-O 6. Be3 a6 7. a4 Nc6 8. d5 Nb4
9. Bc4 Bd7 10. O-O b5 11. Bb3 c5 12. dxc6 Nxc6 13. axb5 axb5 14. Qe2 b4 15. Nd5
Rxa1 16. Rxa1 e6 17. Bb6 Qc8 18. Nxf6+ Bxf6 19. Ra2 Qb7 20. Be3 Ra8 21. Qd2
Rxa2 22. Bxa2 Qa6 23. Qxd6 Be8 24. Bxe6 Be7 25. Bxf7+ Bxf7 26. Qd7 Bf6 27. Qd6
Bxb2 28. Kh2 Qc8 29. Bc5 Bg7 30. Kg3 Bf8 31. Qxf8+ Qxf8 32. Bxf8 Kxf8 33. Kf4
Ke7 34. Ke3 Kd6 35. Ng5 Ba2 36. f4 Bb1 37. e5+ Ke7 38. Kd2 Nd4 39. c3 Nb3+ 0-1